[Event "XXVII MISTRZOSTWA WOJEWÓDZTWA PODLASKIEGO JUNIORÓW DO LAT 14 - C14"]
[Site "Białystok, Poland"]
[Date "2025.05.30"]
[Round "1.1"]
[White "Jasiulewicz, Kamil"]
[Black "Chojnowski, Jakub"]
[Result "1-0"]
[WhiteElo "1658"]
[BlackElo "1504"]

1. d4 {[%clk 00:30:58]} {[%emt 00:00:02]} d5 {[%clk 00:30:56]} {[%emt
00:00:04]} 2. c4 {[%clk 00:31:24]} {[%emt 00:00:03]} c6 {[%clk 00:31:22]}
{[%emt 00:00:04]} 3. Nc3 {[%clk 00:31:50]} {[%emt 00:00:05]} e6 {[%clk
00:31:29]} {[%emt 00:00:23]} 4. Nf3 {[%clk 00:32:05]} {[%emt 00:00:14]} Nf6
{[%clk 00:31:11]} {[%emt 00:00:49]} 5. e3 {[%clk 00:32:15]} {[%emt 00:00:20]}
Be7 {[%clk 00:30:40]} {[%emt 00:01:00]} 6. Qc2 {[%clk 00:31:55]} {[%emt
00:00:50]} Nbd7 {[%clk 00:29:34]} {[%emt 00:01:36]} 7. Bd3 {[%clk 00:32:08]}
{[%emt 00:00:17]} Qc7 {[%clk 00:28:26]} {[%emt 00:01:38]} 8. b3 {[%clk
00:32:26]} {[%emt 00:00:13]} b6 {[%clk 00:28:19]} {[%emt 00:00:38]} 9. Bb2
{[%clk 00:32:34]} {[%emt 00:00:20]} c5 {[%clk 00:25:59]} {[%emt 00:02:51]} 10.
cxd5 {[%clk 00:31:39]} {[%emt 00:01:25]} exd5 {[%clk 00:25:26]} {[%emt
00:01:02]} 11. O-O {[%clk 00:31:03]} {[%emt 00:01:06]} Bb7 {[%clk 00:22:21]}
{[%emt 00:03:36]} 12. Rac1 {[%clk 00:29:29]} {[%emt 00:02:03]} Rc8 {[%clk
00:22:04]} {[%emt 00:00:47]} 13. Qe2 {[%clk 00:26:30]} {[%emt 00:03:30]} c4
{[%clk 00:20:17]} {[%emt 00:02:17]} 14. bxc4 {[%clk 00:26:50]} {[%emt
00:00:10]} dxc4 {[%clk 00:19:12]} {[%emt 00:01:35]} 15. Nb5 {[%clk 00:26:56]}
{[%emt 00:00:23]} Qc6 {[%clk 00:19:17]} {[%emt 00:00:25]} 16. Rxc4 {[%clk
00:26:21]} {[%emt 00:01:06]} Qd5 {[%clk 00:16:22]} {[%emt 00:03:25]} 17. Rxc8+
{[%clk 00:26:47]} {[%emt 00:00:03]} 1-0

[Event "XXVII MISTRZOSTWA WOJEWÓDZTWA PODLASKIEGO JUNIORÓW DO LAT 14 - C14"]
[Site "Białystok, Poland"]
[Date "2025.05.30"]
[Round "1.3"]
[White "Wnorowski, Wiktor"]
[Black "Choinski, Ignacy"]
[Result "1-0"]
[WhiteElo "1674"]
[BlackElo "1521"]

1. d4 {[%clk 00:30:58]} {[%emt 00:00:02]} d5 {[%clk 00:30:51]} {[%emt
00:00:10]} 2. c4 {[%clk 00:31:18]} {[%emt 00:00:09]} e6 {[%clk 00:31:15]}
{[%emt 00:00:06]} 3. Nc3 {[%clk 00:31:44]} {[%emt 00:00:04]} Nf6 {[%clk
00:31:36]} {[%emt 00:00:09]} 4. Bg5 {[%clk 00:31:50]} {[%emt 00:00:24]} Be7
{[%clk 00:31:56]} {[%emt 00:00:10]} 5. cxd5 {[%clk 00:32:02]} {[%emt 00:00:18]}
exd5 {[%clk 00:31:35]} {[%emt 00:00:51]} 6. e3 {[%clk 00:32:11]} {[%emt
00:00:21]} O-O {[%clk 00:30:57]} {[%emt 00:01:08]} 7. Bd3 {[%clk 00:32:34]}
{[%emt 00:00:08]} h6 {[%clk 00:30:34]} {[%emt 00:00:52]} 8. Bh4 {[%clk
00:32:53]} {[%emt 00:00:11]} b6 {[%clk 00:30:56]} {[%emt 00:00:08]} 9. Nge2
{[%clk 00:32:36]} {[%emt 00:00:47]} Ba6 {[%clk 00:27:29]} {[%emt 00:03:58]} 10.
Bxa6 {[%clk 00:31:05]} {[%emt 00:02:00]} Nxa6 {[%clk 00:27:52]} {[%emt
00:00:07]} 11. O-O {[%clk 00:31:00]} {[%emt 00:00:35]} c5 {[%clk 00:23:39]}
{[%emt 00:04:44]} 12. dxc5 {[%clk 00:26:46]} {[%emt 00:04:44]} Nxc5 {[%clk
00:24:01]} {[%emt 00:00:07]} 13. Nd4 {[%clk 00:26:31]} {[%emt 00:00:45]} Rc8
{[%clk 00:22:10]} {[%emt 00:02:21]} 14. Nf5 {[%clk 00:23:50]} {[%emt 00:03:11]}
Bd6 {[%clk 00:14:39]} {[%emt 00:08:01]} 15. Nxd5 {[%clk 00:20:50]} {[%emt
00:03:31]} Nce4 {[%clk 00:13:22]} {[%emt 00:01:45]} 16. Nxf6+ {[%clk 00:20:45]}
{[%emt 00:00:36]} gxf6 {[%clk 00:11:38]} {[%emt 00:02:13]} 17. Nxh6+ {[%clk
00:20:29]} {[%emt 00:00:47]} Kg7 {[%clk 00:10:42]} {[%emt 00:01:25]} 18. Nf5+
{[%clk 00:20:35]} {[%emt 00:00:25]} Kg6 {[%clk 00:10:26]} {[%emt 00:00:45]} 19.
Qg4+ {[%clk 00:20:31]} {[%emt 00:00:35]} Ng5 {[%clk 00:10:18]} {[%emt
00:00:38]} 20. f4 {[%clk 00:20:33]} {[%emt 00:00:28]} Rc4 {[%clk 00:09:52]}
{[%emt 00:00:54]} 21. Nxd6 {[%clk 00:20:05]} {[%emt 00:01:00]} Qxd6 {[%clk
00:10:17]} {[%emt 00:00:04]} 22. f5+ {[%clk 00:19:34]} {[%emt 00:01:02]} 1-0

[Event "XXVII MISTRZOSTWA WOJEWÓDZTWA PODLASKIEGO JUNIORÓW DO LAT 14 - C14"]
[Site "Białystok, Poland"]
[Date "2025.05.30"]
[Round "1.4"]
[White "Pawluczuk, Maciej"]
[Black "Boguszewski, Kacper"]
[Result "0-1"]
[WhiteElo "1427"]
[BlackElo "1689"]

1. e4 {[%clk 00:30:56]} {[%emt 00:00:03]} c5 {[%emt 00:00:05]} 2. Nf3 {[%clk
00:31:13]} {[%emt 00:00:11]} d6 {[%clk 00:31:26]} {[%emt 00:00:02]} 3. d4
{[%clk 00:31:29]} {[%emt 00:00:13]} cxd4 {[%clk 00:31:53]} {[%emt 00:00:04]} 4.
Nxd4 {[%clk 00:31:45]} {[%emt 00:00:14]} Nf6 {[%clk 00:32:20]} {[%emt
00:00:03]} 5. Nc3 {[%clk 00:32:02]} {[%emt 00:00:13]} a6 {[%clk 00:32:47]}
{[%emt 00:00:03]} 6. Be2 {[%clk 00:31:03]} {[%emt 00:01:29]} e6 {[%clk
00:32:03]} {[%emt 00:01:14]} 7. Be3 {[%clk 00:30:35]} {[%emt 00:00:56]} Be7
{[%clk 00:32:27]} {[%emt 00:00:08]} 8. Qd2 {[%clk 00:30:20]} {[%emt 00:00:44]}
b5 {[%clk 00:32:36]} {[%emt 00:00:22]} 9. a3 {[%clk 00:29:36]} {[%emt
00:01:14]} Bb7 {[%clk 00:32:56]} {[%emt 00:00:10]} 10. f3 {[%clk 00:28:34]}
{[%emt 00:01:32]} Nbd7 {[%clk 00:32:21]} {[%emt 00:01:05]} 11. O-O-O {[%clk
00:27:59]} {[%emt 00:01:05]} Qc7 {[%clk 00:32:17]} {[%emt 00:00:33]} 12. Na2
{[%clk 00:26:39]} {[%emt 00:01:50]} Rc8 {[%clk 00:28:29]} {[%emt 00:04:19]} 13.
g4 {[%clk 00:25:11]} {[%emt 00:01:58]} Nc5 {[%clk 00:27:13]} {[%emt 00:01:46]}
14. Kb1 {[%clk 00:23:30]} {[%emt 00:02:11]} d5 {[%clk 00:20:38]} {[%emt
00:07:05]} 15. e5 {[%clk 00:22:51]} {[%emt 00:01:08]} Nfd7 {[%clk 00:20:22]}
{[%emt 00:00:46]} 16. f4 {[%clk 00:20:13]} {[%emt 00:03:09]} Ne4 {[%clk
00:20:47]} {[%emt 00:00:05]} 17. Qe1 {[%clk 00:19:22]} {[%emt 00:01:19]} Nb6
{[%clk 00:13:49]} {[%emt 00:07:29]} 18. Bd3 {[%clk 00:16:54]} {[%emt 00:02:55]}
Nc4 {[%clk 00:13:53]} {[%emt 00:00:29]} 19. Bxe4 {[%clk 00:16:46]} {[%emt
00:00:38]} dxe4 {[%clk 00:14:19]} {[%emt 00:00:05]} 20. Rf1 {[%clk 00:14:33]}
{[%emt 00:02:36]} Bd5 {[%clk 00:11:10]} {[%emt 00:03:46]} 21. Nb4 {[%clk
00:13:37]} {[%emt 00:01:26]} Nxe3 {[%clk 00:06:24]} {[%emt 00:05:16]} 22. Qxe3
{[%clk 00:13:53]} {[%emt 00:00:14]} Bxb4 {[%clk 00:06:46]} {[%emt 00:00:08]} 23.
axb4 {[%clk 00:14:15]} {[%emt 00:00:08]} Qc4 {[%clk 00:07:02]} {[%emt
00:00:09]} 24. b3 {[%clk 00:13:08]} {[%emt 00:01:41]} Qc3 {[%clk 00:05:38]}
{[%emt 00:01:52]} 25. Qxc3 {[%clk 00:12:22]} {[%emt 00:01:19]} Rxc3 {[%clk
00:06:04]} {[%emt 00:00:04]} 26. Kb2 {[%clk 00:11:34]} {[%emt 00:01:18]} Rh3
{[%clk 00:05:54]} {[%emt 00:00:40]} 27. Rd2 {[%clk 00:10:39]} {[%emt 00:01:22]}
Ke7 {[%clk 00:05:42]} {[%emt 00:00:43]} 28. f5 {[%clk 00:10:29]} {[%emt
00:00:41]} Rc8 {[%clk 00:04:18]} {[%emt 00:01:54]} 29. g5 {[%clk 00:09:16]}
{[%emt 00:01:42]} g6 {[%clk 00:02:57]} {[%emt 00:01:53]} 30. fxe6 {[%clk
00:09:01]} {[%emt 00:00:45]} Bxe6 {[%clk 00:02:23]} {[%emt 00:01:04]} 31. Nxe6
{[%clk 00:07:59]} {[%emt 00:01:32]} Kxe6 {[%clk 00:02:07]} {[%emt 00:00:45]} 32.
Rf6+ {[%clk 00:07:54]} {[%emt 00:00:36]} Kxe5 {[%clk 00:02:30]} {[%emt
00:00:06]} 33. Rxf7 {[%clk 00:07:28]} {[%emt 00:00:56]} Rc6 {[%clk 00:01:58]}
{[%emt 00:01:02]} 34. Rfd7 {[%clk 00:05:22]} {[%emt 00:02:35]} e3 {[%clk
00:01:17]} {[%emt 00:01:11]} 35. Re2 {[%clk 00:05:04]} {[%emt 00:00:49]} Re6
{[%clk 00:01:25]} {[%emt 00:00:23]} 36. Rf7 {[%clk 00:04:05]} {[%emt 00:01:26]}
Ke4 {[%clk 00:01:29]} {[%emt 00:00:29]} 37. Kc1 {[%clk 00:02:52]} {[%emt
00:01:43]} Rf3 {[%clk 00:00:45]} {[%emt 00:01:14]} 38. Rxh7 {[%clk 00:02:40]}
{[%emt 00:00:41]} Rf1+ {[%clk 00:01:11]} {[%emt 00:00:04]} 39. Kb2 {[%clk
00:02:52]} {[%emt 00:00:18]} Kf3 {[%clk 00:01:38]} {[%emt 00:00:03]} 40. Rxe3+
{[%clk 00:02:47]} {[%emt 00:00:35]} Kxe3 {[%clk 00:02:05]} {[%emt 00:00:03]} 41.
h4 {[%clk 00:02:44]} {[%emt 00:00:33]} Rh1 {[%clk 00:02:25]} {[%emt 00:00:10]}
42. c4 {[%clk 00:02:42]} {[%emt 00:00:32]} Rh2+ {[%clk 00:02:01]} {[%emt
00:00:54]} 43. Kc3 {[%clk 00:03:05]} {[%emt 00:00:08]} bxc4 {[%clk 00:01:55]}
{[%emt 00:00:36]} 44. bxc4 {[%clk 00:03:28]} {[%emt 00:00:07]} Rd6 {[%clk
00:01:27]} {[%emt 00:00:57]} 45. b5 {[%clk 00:03:22]} {[%emt 00:00:37]} a5
{[%clk 00:01:42]} {[%emt 00:00:15]} 46. Re7 {[%clk 00:03:28]} {[%emt 00:00:24]}
Kf4 {[%clk 00:01:51]} {[%emt 00:00:20]} 47. c5 {[%clk 00:03:39]} {[%emt
00:00:19]} Rd1 {[%clk 00:01:20]} {[%emt 00:00:58]} 48. c6 {[%clk 00:03:20]}
{[%emt 00:00:53]} Rc1+ {[%clk 00:01:41]} {[%emt 00:00:05]} 49. Kb3 {[%clk
00:03:31]} {[%emt 00:00:22]} a4+ {[%clk 00:01:55]} {[%emt 00:00:16]} 50. Kxa4
{[%clk 00:03:43]} {[%emt 00:00:18]} Rb2 {[%clk 00:01:27]} {[%emt 00:00:58]} 51.
Ka5 {[%clk 00:03:16]} {[%emt 00:00:57]} Ra1+ {[%clk 00:01:54]} {[%emt
00:00:03]} 52. Kb6 {[%clk 00:03:41]} {[%emt 00:00:06]} Rab1 {[%clk 00:02:16]}
{[%emt 00:00:07]} 53. c7 {[%clk 00:03:23]} {[%emt 00:00:49]} Rxb5+ {[%clk
00:02:41]} {[%emt 00:00:03]} 54. Kc6 {[%clk 00:03:45]} {[%emt 00:00:09]} Rb6+
{[%clk 00:02:41]} {[%emt 00:00:29]} 55. Kd7 {[%clk 00:03:39]} {[%emt 00:00:37]}
Rd1+ {[%clk 00:02:27]} {[%emt 00:00:43]} 56. Kc8 {[%clk 00:03:52]} {[%emt
00:00:18]} Kg4 {[%clk 00:02:39]} {[%emt 00:00:17]} 57. Re4+ {[%clk 00:03:38]}
{[%emt 00:00:40]} Kh5 {[%clk 00:02:49]} {[%emt 00:00:23]} 58. Rd4 {[%clk
00:02:34]} {[%emt 00:01:36]} Rc1 {[%clk 00:02:54]} {[%emt 00:00:25]} 59. Rd1
{[%clk 00:02:24]} {[%emt 00:00:41]} Rbc6 {[%clk 00:02:37]} {[%emt 00:00:47]} 60.
Rd7 {[%clk 00:02:38]} {[%emt 00:00:15]} Rxc7+ {[%clk 00:02:07]} {[%emt
00:01:01]} 61. Rxc7 {[%clk 00:02:57]} {[%emt 00:00:11]} Rxc7+ {[%clk 00:02:34]}
{[%emt 00:00:03]} 62. Kxc7 {[%clk 00:03:19]} {[%emt 00:00:08]} Kxh4 {[%clk
00:03:01]} {[%emt 00:00:03]} 63. Kd6 {[%clk 00:03:30]} {[%emt 00:00:19]} Kxg5
{[%clk 00:03:28]} {[%emt 00:00:03]} 64. Ke5 {[%clk 00:03:35]} {[%emt 00:00:25]}
Kh4 {[%clk 00:03:55]} {[%emt 00:00:03]} 65. Kf4 {[%clk 00:03:59]} {[%emt
00:00:06]} g5+ {[%clk 00:04:20]} {[%emt 00:00:05]} 66. Kf3 {[%clk 00:04:24]}
{[%emt 00:00:05]} Kh3 {[%clk 00:04:43]} {[%emt 00:00:06]} 67. Kf2 {[%clk
00:04:47]} {[%emt 00:00:06]} g4 {[%clk 00:04:56]} {[%emt 00:00:19]} 0-1

[Event "XXVII MISTRZOSTWA WOJEWÓDZTWA PODLASKIEGO JUNIORÓW DO LAT 14 - C14"]
[Site "Białystok, Poland"]
[Date "2025.05.30"]
[Round "2.1"]
[White "Choinski, Ignacy"]
[Black "Pawluczuk, Maciej"]
[Result "1-0"]
[WhiteElo "1521"]
[BlackElo "1427"]

1. d4 {[%clk 00:30:58]} {[%emt 00:00:02]} d5 {[%clk 00:30:55]} {[%emt
00:00:06]} 2. c4 {[%clk 00:31:23]} {[%emt 00:00:05]} c6 {[%clk 00:31:21]}
{[%emt 00:00:04]} 3. Nc3 {[%clk 00:31:38]} {[%emt 00:00:15]} Nf6 {[%clk
00:31:44]} {[%emt 00:00:07]} 4. Bg5 {[%clk 00:31:53]} {[%emt 00:00:14]} Bf5
{[%clk 00:32:02]} {[%emt 00:00:12]} 5. Bxf6 {[%clk 00:31:25]} {[%emt 00:00:59]}
exf6 {[%emt 00:00:19]} 6. cxd5 {[%clk 00:31:44]} cxd5 {[%clk 00:32:41]} {[%emt
00:00:13]} 7. Qb3 {[%clk 00:31:58]} {[%emt 00:00:16]} Nc6 {[%clk 00:32:54]}
{[%emt 00:00:17]} 8. e3 {[%clk 00:30:57]} {[%emt 00:01:31]} Bb4 {[%clk
00:32:24]} {[%emt 00:01:00]} 9. Rc1 {[%clk 00:31:00]} {[%emt 00:00:26]} O-O
{[%clk 00:32:17]} {[%emt 00:00:38]} 10. Bb5 {[%clk 00:30:47]} {[%emt 00:00:44]}
Rb8 {[%clk 00:32:20]} {[%emt 00:00:26]} 11. Nge2 {[%clk 00:30:54]} {[%emt
00:00:22]} a6 {[%clk 00:32:29]} {[%emt 00:00:19]} 12. Bxc6 {[%clk 00:31:01]}
{[%emt 00:00:25]} bxc6 {[%clk 00:32:50]} {[%emt 00:00:10]} 13. Qa4 {[%clk
00:30:42]} {[%emt 00:00:49]} Bd3 {[%clk 00:32:15]} {[%emt 00:01:04]} 14. O-O
{[%clk 00:30:10]} {[%emt 00:01:02]} Bxc3 {[%clk 00:32:37]} {[%emt 00:00:09]} 15.
Nxc3 {[%clk 00:30:20]} {[%emt 00:00:20]} Bxf1 {[%clk 00:33:00]} {[%emt
00:00:07]} 16. Kxf1 {[%clk 00:30:47]} {[%emt 00:00:02]} Qb6 {[%clk 00:32:50]}
{[%emt 00:00:39]} 17. Rc2 {[%clk 00:28:30]} {[%emt 00:02:48]} a5 {[%clk
00:32:48]} {[%emt 00:00:33]} 18. Ke1 {[%clk 00:27:42]} {[%emt 00:01:18]} Rfe8
{[%clk 00:32:53]} {[%emt 00:00:22]} 19. a3 {[%clk 00:26:36]} {[%emt 00:01:40]}
h6 {[%clk 00:32:17]} {[%emt 00:01:06]} 20. Ne2 {[%clk 00:22:30]} {[%emt
00:04:36]} Rbc8 {[%clk 00:31:55]} {[%emt 00:00:50]} 21. Kd1 {[%clk 00:18:59]}
{[%emt 00:04:02]} g5 {[%clk 00:31:44]} {[%emt 00:00:39]} 22. Kc1 {[%clk
00:15:46]} {[%emt 00:03:44]} Re6 {[%clk 00:32:03]} {[%emt 00:00:11]} 23. Rc5
{[%clk 00:15:03]} {[%emt 00:01:14]} Qc7 {[%clk 00:32:21]} {[%emt 00:00:10]} 24.
g3 {[%clk 00:14:36]} {[%emt 00:00:58]} Ra8 {[%clk 00:32:25]} {[%emt 00:00:27]}
25. b4 {[%clk 00:12:42]} {[%emt 00:02:24]} Qa7 {[%clk 00:32:15]} {[%emt
00:00:37]} 26. Rxa5 {[%clk 00:12:46]} {[%emt 00:00:29]} Qb6 {[%clk 00:32:09]}
{[%emt 00:00:35]} 27. Rxa8+ {[%clk 00:13:02]} {[%emt 00:00:14]} Kg7 {[%clk
00:32:35]} {[%emt 00:00:05]} 28. Qa5 {[%clk 00:13:09]} {[%emt 00:00:23]} Qb7
{[%clk 00:32:56]} {[%emt 00:00:08]} 29. Qd8 {[%clk 00:12:45]} {[%emt 00:00:54]}
Kg6 {[%clk 00:33:10]} {[%emt 00:00:16]} 30. g4 {[%clk 00:11:09]} {[%emt
00:02:06]} f5 {[%clk 00:32:42]} {[%emt 00:00:59]} 31. Qg8+ {[%clk 00:08:33]}
{[%emt 00:03:06]} Kf6 {[%clk 00:33:04]} {[%emt 00:00:08]} 32. Qh8+ {[%clk
00:07:45]} {[%emt 00:01:17]} Ke7 {[%clk 00:32:05]} {[%emt 00:01:28]} 33. Qd8#
{[%clk 00:07:27]} {[%emt 00:00:10]} 1-0

[Event "XXVII MISTRZOSTWA WOJEWÓDZTWA PODLASKIEGO JUNIORÓW DO LAT 14 - C14"]
[Site "Białystok, Poland"]
[Date "2025.05.30"]
[Round "2.2"]
[White "Obrycki, Tomasz"]
[Black "Wnorowski, Wiktor"]
[Result "1-0"]
[WhiteElo "2055"]
[BlackElo "1674"]

1. c4 {[%clk 00:30:57]} {[%emt 00:00:02]} Nf6 {[%clk 00:30:44]} {[%emt
00:00:16]} 2. g3 {[%clk 00:31:22]} {[%emt 00:00:05]} e6 {[%clk 00:31:05]}
{[%emt 00:00:10]} 3. Bg2 {[%clk 00:31:47]} {[%emt 00:00:05]} d5 {[%clk
00:31:30]} {[%emt 00:00:05]} 4. Nf3 {[%clk 00:32:03]} {[%emt 00:00:13]} c6
{[%clk 00:31:09]} {[%emt 00:00:50]} 5. O-O {[%clk 00:31:56]} {[%emt 00:00:38]}
Bd6 {[%clk 00:31:18]} {[%emt 00:00:22]} 6. d4 {[%clk 00:30:30]} {[%emt
00:01:55]} Nbd7 {[%clk 00:31:07]} {[%emt 00:00:41]} 7. Qc2 {[%clk 00:30:04]}
{[%emt 00:00:56]} O-O {[%clk 00:31:01]} {[%emt 00:00:36]} 8. b3 {[%clk
00:27:56]} {[%emt 00:02:39]} Re8 {[%clk 00:27:38]} {[%emt 00:03:52]} 9. Bb2
{[%clk 00:27:49]} {[%emt 00:00:37]} Nf8 {[%clk 00:25:27]} {[%emt 00:02:41]} 10.
Nbd2 {[%clk 00:27:29]} {[%emt 00:00:51]} Qe7 {[%clk 00:23:50]} {[%emt
00:02:05]} 11. e4 {[%clk 00:22:56]} {[%emt 00:05:04]} dxe4 {[%clk 00:22:19]}
{[%emt 00:02:02]} 12. Nxe4 {[%clk 00:23:17]} {[%emt 00:00:08]} Nxe4 {[%clk
00:21:34]} {[%emt 00:01:16]} 13. Qxe4 {[%clk 00:23:44]} {[%emt 00:00:03]} Nd7
{[%clk 00:19:59]} {[%emt 00:02:04]} 14. Rfe1 {[%clk 00:23:17]} {[%emt
00:00:56]} Nf6 {[%clk 00:20:02]} {[%emt 00:00:28]} 15. Qc2 {[%clk 00:22:55]}
{[%emt 00:00:48]} Bd7 {[%clk 00:18:47]} {[%emt 00:01:49]} 16. Ne5 {[%clk
00:22:32]} {[%emt 00:00:54]} Rad8 {[%clk 00:18:12]} {[%emt 00:01:05]} 17. Rad1
{[%clk 00:21:24]} {[%emt 00:01:36]} Rc8 {[%clk 00:14:18]} {[%emt 00:04:24]} 18.
Nd3 {[%clk 00:18:37]} {[%emt 00:03:19]} Red8 {[%clk 00:13:59]} {[%emt
00:00:49]} 19. Qe2 {[%clk 00:16:08]} {[%emt 00:02:58]} b5 {[%clk 00:12:34]}
{[%emt 00:01:56]} 20. Qe3 {[%clk 00:10:42]} {[%emt 00:05:54]} bxc4 {[%clk
00:12:01]} {[%emt 00:01:05]} 21. bxc4 {[%clk 00:11:07]} {[%emt 00:00:05]} Ba3
{[%clk 00:10:25]} {[%emt 00:02:05]} 22. Bc3 {[%clk 00:11:15]} {[%emt 00:00:19]}
a6 {[%clk 00:09:25]} {[%emt 00:01:35]} 23. Ba5 {[%clk 00:09:53]} {[%emt
00:01:51]} Re8 {[%clk 00:09:50]} {[%emt 00:00:05]} 24. c5 {[%clk 00:08:56]}
{[%emt 00:01:27]} Rb8 {[%clk 00:08:31]} {[%emt 00:01:49]} 25. Qd2 {[%clk
00:09:00]} {[%emt 00:00:26]} Rb5 {[%clk 00:08:23]} {[%emt 00:00:37]} 26. Qc3
{[%clk 00:09:15]} {[%emt 00:00:14]} Bxc5 {[%clk 00:07:39]} {[%emt 00:01:15]} 27.
dxc5 {[%clk 00:09:19]} {[%emt 00:00:26]} Nd5 {[%clk 00:07:53]} {[%emt
00:00:16]} 28. Bxd5 {[%clk 00:08:55]} {[%emt 00:00:55]} cxd5 {[%clk 00:08:22]}
{[%emt 00:00:01]} 29. Bb6 {[%clk 00:07:52]} {[%emt 00:01:33]} Rc8 {[%clk
00:08:40]} {[%emt 00:00:11]} 30. Qd2 {[%clk 00:07:28]} {[%emt 00:00:45]} Qf6
{[%clk 00:08:10]} {[%emt 00:01:10]} 31. Ne5 {[%clk 00:07:48]} {[%emt 00:00:09]}
Be8 {[%clk 00:08:20]} {[%emt 00:00:21]} 32. Re3 {[%clk 00:06:44]} {[%emt
00:01:29]} Qf5 {[%clk 00:06:07]} {[%emt 00:02:47]} 33. Ree1 {[%clk 00:04:47]}
{[%emt 00:02:27]} f6 {[%clk 00:05:55]} {[%emt 00:00:42]} 34. Nd3 {[%clk
00:04:36]} {[%emt 00:00:41]} Bh5 {[%clk 00:06:04]} {[%emt 00:00:22]} 35. Rc1
{[%clk 00:04:08]} {[%emt 00:00:58]} Bf3 {[%clk 00:05:56]} {[%emt 00:00:38]} 36.
Nf4 {[%clk 00:02:37]} {[%emt 00:02:00]} e5 {[%clk 00:06:00]} {[%emt 00:00:27]}
37. Nxd5 {[%clk 00:01:04]} {[%emt 00:02:02]} Qh3 {[%clk 00:05:24]} {[%emt
00:01:06]} 38. Ne3 {[%emt 00:00:59]} Rf8 {[%clk 00:04:56]} 39. Rc4 {[%clk
00:00:55]} {[%emt 00:01:08]} e4 {[%clk 00:04:43]} {[%emt 00:00:43]} 40. Rd4
{[%clk 00:00:56]} {[%emt 00:00:29]} h5 {[%clk 00:04:23]} {[%emt 00:00:50]} 41.
Rd8 {[%clk 00:00:57]} {[%emt 00:00:28]} Rxd8 {[%clk 00:04:41]} {[%emt
00:00:14]} 42. Qxd8+ {[%clk 00:01:26]} {[%emt 00:00:01]} Kh7 {[%clk 00:05:01]}
{[%emt 00:00:10]} 43. Qd5 {[%clk 00:00:57]} {[%emt 00:00:58]} Rb2 {[%clk
00:05:07]} {[%emt 00:00:25]} 44. Qf5+ {[%clk 00:01:07]} {[%emt 00:00:17]} Qxf5
{[%clk 00:05:15]} {[%emt 00:00:24]} 45. Nxf5 {[%clk 00:01:36]} {[%emt
00:00:02]} Kg8 {[%clk 00:04:41]} {[%emt 00:01:03]} 46. Ne3 {[%clk 00:01:36]}
{[%emt 00:00:30]} Kf7 {[%clk 00:04:51]} {[%emt 00:00:19]} 47. Rc1 {[%clk
00:01:58]} {[%emt 00:00:09]} Ke6 {[%clk 00:04:36]} {[%emt 00:00:45]} 48. c6
{[%clk 00:02:18]} {[%emt 00:00:11]} 1-0